LEADER 01277nam a2200253 i 4500 001 991003287489707536 005 20021205144503.0 008 020710s|||| it ||| | ita 035 $ab11784143-39ule_inst 035 $aPARLA223660$9ExL 040 $aDip.to Scienze Storiche Filosofiche e Geografiche$bita 100 1 $aPasetto, Attilio$0327987 245 10$aOccupazione e specializzazione commerciale dell'industria manufatturiera in Italia e nelle regioni dal 1951 al 1996 /$cdi Attilio Pasetto e Stefano Sylos Labini 260 $aRoma :$bSVIMEZ,$c2002 300 $a188 p. ;$c24 cm. 490 0 $aQuaderni di informazioni Svimez ;$v14 700 1 $aSylos Labini, Stefano$eauthor$4http://id.loc.gov/vocabulary/relators/aut$0327986 907 $a.b11784143$b27-04-17$c09-12-02 912 $a991003287489707536 945 $aLE002 SP 330/SVI14$g1$i2002000355201$lle002$o-$pE0.00$q-$rl$s- $t0$u0$v0$w0$x0$y.i13654913$z22-07-04 945 $aLE009 Per. St. 173.1,14$g1$i2009000135444$lle009$o-$pE0.00$q-$rn$so $t0$u0$v0$w0$x0$y.i12031185$z09-12-02 996 $aOccupazione e specializzazione commerciale dell'industria manufatturiera in Italia e nelle regioni dal 1951 al 1996$91454201 997 $aUNISALENTO 998 $ale002$ale009$b01-01-02$cm$da $e-$fita$git $h0$i2